[Event "91st UKR-ch"]
[Site "Poltava UKR"]
[Date "2023.12.14"]
[Round "6.3"]
[White "Yurchishyn, Nikolay"]
[Black "Berin, Artem"]
[WhiteElo "2199"]
[BlackElo "2321"]
[Result "0-1"]
[EventDate "2023.12.09"]
[PlyCount "98"]

1. b4 d5 2. Bb2 Bf5 3. Nf3 e6 4. a3 Nf6 5. e3 Nbd7 6. Be2 h6 7. O-O Bd6 8. d3 O-O 9. Nbd2 Qe7 10. Re1 e5 11. Bf1 c6 12. e4 dxe4 13. dxe4 Bh7 14. Nh4 Rad8 15. Qe2 Rfe8 16. g3 Nf8 17. Nf5 Bxf5 18. exf5 Qd7 19. Qf3 N8h7 20. h4 Bxb4 21. axb4 Qxd2 22. Bxe5 Qxb4 23. Reb1 Qe7 24. Bb2 a6 25. Ba3 Qe5 26. Bb2 Qd5 27. Bg2 Qd7 28. Bc3 Nd5 29. Ba5 Rb8 30. c4 Ne7 31. Rd1 Qxf5 32. Bc7 Qxf3 33. Bxf3 Rbc8 34. Bb6 Nf6 35. Ra2 Ng6 36. Bg2 Ne5 37. Rc1 Nfd7 38. Bd4 Rcd8 39. Be3 Nf6 40. Rb2 Nd3 41. Rbb1 Nxc1 42. Rxc1 Ng4 43. Bb6 Rd2 44. Bh3 Ne5 45. Be3 Nf3+ 46. Kf1 Rb2 47. Bg2 Nd2+ 48. Kg1 Nb3 49. Rc3 a5 0-1

[Event "91st UKR-ch"]
[Site "Poltava UKR"]
[Date "2023.12.14"]
[Round "6.4"]
[White "Fainkihen, Efim"]
[Black "Maximov, Dmitry"]
[WhiteElo "1970"]
[BlackElo "2491"]
[Result "0-1"]
[EventDate "2023.12.09"]
[PlyCount "112"]

1. e4 c5 2. c3 Nf6 3. e5 Nd5 4. Bc4 e6 5. Nf3 Be7 6. O-O Nc6 7. d4 d6 8. Qe2 cxd4 9. cxd4 O-O 10. Nc3 Nxc3 11. bxc3 Qa5 12. Bd2 dxe5 13. dxe5 Rd8 14. Rab1 b6 15. Qe4 Bb7 16. Bd3 g6 17. c4 Qa3 18. Be2 Rd7 19. Qc2 Nb4 20. Qb3 Qxb3 21. Rxb3 Na6 22. Bg5 Nc5 23. Re3 Bxf3 24. Bxf3 Bxg5 25. Bxa8 Bxe3 26. fxe3 Rd2 27. Bc6 Nd3 28. Be8 Nxe5 29. a4 Rc2 30. Rd1 Rxc4 31. Rd8 Kg7 32. Ra8 Rc7 33. h3 Nc4 34. Kf2 Nd6 35. Bb5 Nxb5 36. axb5 h5 37. h4 Kf6 38. Kf3 Ke5 39. Rd8 Rc5 40. Rd7 f5 41. Rxa7 Rxb5 42. Rg7 Kf6 43. Rb7 Rb4 44. g3 Rb1 45. Rb8 b5 46. Rf8+ Ke5 47. Rg8 b4 48. Rb8 b3 49. Rb5+ Kf6 50. Rb6 b2 51. Kg2 Ke5 52. Rb4 Kd5 53. Kh2 Kc5 54. Rb8 Kc4 55. Rb7 Kc3 56. Kg2 Ra1 0-1

[Event "91st UKR-ch"]
[Site "Poltava UKR"]
[Date "2023.12.14"]
[Round "6.5"]
[White "Reznik, Mykola"]
[Black "Pavlov, Sergey"]
[WhiteElo "1838"]
[BlackElo "2474"]
[Result "0-1"]
[EventDate "2023.12.09"]
[PlyCount "124"]

1. Nf3 c5 2. c4 Nf6 3. b3 g6 4. Bb2 Bg7 5. g3 Nc6 6. Bg2 d6 7. d4 cxd4 8. Nxd4 Bd7 9. O-O Qc8 10. Nc3 Bh3 11. Nxc6 Bxg2 12. Kxg2 bxc6 13. Ne4 Nh5 14. Bxg7 Nxg7 15. Qd4 O-O 16. Rfd1 Qf5 17. Nc3 Ne6 18. Qd3 Qa5 19. Qe3 Rfd8 20. Rd3 Rd7 21. Qf3 Rc8 22. h4 h5 23. Ne4 Qe5 24. Rad1 a5 25. Nc3 Nc5 26. Re3 Qf5 27. Ne4 Ne6 28. Ng5 Qxf3+ 29. Kxf3 Nf8 30. Ne4 Rb7 31. Nc3 Nd7 32. Na4 Kf8 33. Rc3 Rb4 34. Ke3 Ne5 35. f3 Rd8 36. c5 d5 37. Rd4 Nd7 38. Rxb4 axb4 39. Rc1 e5 40. Nb6 Ke7 41. Na4 Ke6 42. Kd3 f5 43. a3 e4+ 44. Kd4 bxa3 45. Ra1 Kf6 46. f4 Nf8 47. Rxa3 Ne6+ 48. Kc3 d4+ 49. Kd2 Rb8 50. Kc2 Rb5 51. Nb6 Nxc5 52. Nc4 d3+ 53. exd3 exd3+ 54. Kc3 Rb8 55. Ne5 Rd8 56. Ra1 Ne4+ 57. Kc4 d2 58. Nd3 c5 59. Nb2 Rd4+ 60. Kb5 Rb4+ 61. Kc6 Rxb3 62. Nd1 Rxg3 0-1

[Event "91st UKR-ch"]
[Site "Poltava UKR"]
[Date "2023.12.14"]
[Round "6.6"]
[White "Lymar, Vladislav"]
[Black "Tretyak, Kyryl"]
[WhiteElo "2135"]
[BlackElo "1803"]
[Result "1-0"]
[EventDate "2023.12.09"]
[PlyCount "39"]

1. d4 d5 2. c4 e6 3. cxd5 exd5 4. Bf4 c5 5. Nf3 Nf6 6. g3 Nc6 7. Bg2 Qb6 8. dxc5 Qxb2 9. Nbd2 Bxc5 10. O-O O-O 11. Nb3 Bb6 12. Bc1 Qc3 13. Ba3 Ne4 14. Bxf8 Kxf8 15. Qxd5 Nxf2 16. Rxf2 Be6 17. Qd2 Qf6 18. e3 Bxb3 19. Nd4 Qe5 20. Bxc6 1-0

[Event "91st UKR-ch"]
[Site "Poltava UKR"]
[Date "2023.12.14"]
[Round "6.7"]
[White "Eropunov, Gleb"]
[Black "Artemov, Andriy"]
[WhiteElo "1961"]
[BlackElo "1989"]
[Result "1-0"]
[EventDate "2023.12.09"]
[PlyCount "83"]

1. d4 d5 2. Bf4 Nf6 3. Nf3 c5 4. e3 Nc6 5. Nbd2 Nh5 6. Bg3 Nxg3 7. hxg3 Bg4 8. Bb5 Qb6 9. c4 dxc4 10. Qa4 Bxf3 11. Nxc4 Qc7 12. gxf3 e6 13. Ne5 Rc8 14. Qxa7 Bd6 15. Nxc6 bxc6 16. Qxc7 Rxc7 17. Ba4 cxd4 18. exd4 O-O 19. Rc1 e5 20. Rxc6 Rxc6 21. Bxc6 exd4 22. Kd2 Rb8 23. b3 Bb4+ 24. Kd3 Bc3 25. Rh5 g6 26. Re5 Kg7 27. g4 Rb6 28. Be4 Kf8 29. Rc5 Ke7 30. f4 Rf6 31. f5 gxf5 32. Bxf5 Kd6 33. Kc4 Rh6 34. Be4 Rh4 35. f3 Rh2 36. a4 Rh1 37. Rc6+ Ke7 38. b4 Rc1 39. b5 Kd7 40. Bf5+ Ke7 41. b6 Ra1 42. b7 1-0

[Event "91st UKR-ch"]
[Site "Poltava UKR"]
[Date "2023.12.14"]
[Round "6.8"]
[White "Stepanov, Vadim"]
[Black "Alexikov, Alexander"]
[WhiteElo "1853"]
[BlackElo "2209"]
[Result "1/2-1/2"]
[EventDate "2023.12.09"]
[PlyCount "187"]

1. d4 Nf6 2. c4 g6 3. Nc3 Bg7 4. e4 d6 5. Nf3 O-O 6. Be2 e5 7. O-O Na6 8. Bg5 h6 9. Be3 Qe8 10. dxe5 dxe5 11. h3 c6 12. c5 Nb8 13. Qd2 Kh7 14. Rad1 Nbd7 15. Qd6 Rg8 16. b4 Bf8 17. Qc7 Qe7 18. b5 Ne8 19. Qa5 f5 20. bxc6 bxc6 21. Qa4 Qf6 22. exf5 gxf5 23. Kh1 Nxc5 24. Qa5 Nd7 25. Bd3 Kh8 26. Ne2 c5 27. Bc4 Rg6 28. Bc1 e4 29. Ne1 Nb6 30. Nf4 Nxc4 31. Nxg6+ Qxg6 32. Qc3+ Kh7 33. Qxc4 Ba6 34. Rd7+ Bg7 35. Qd5 Rc8 36. Rg1 Nf6 37. Qd6 Nxd7 38. Qxd7 Rf8 39. Qxa7 Bc4 40. Qxc5 Bxa2 41. Bb2 Be6 42. Bxg7 Qxg7 43. Qd6 Qf6 44. Nc2 Rd8 45. Qf4 Rg8 46. Rb1 Bd7 47. Ne3 Rg7 48. h4 Rf7 49. Rd1 Qe7 50. Rd5 Be6 51. Ra5 Qf8 52. Ra6 Qe7 53. Kg1 Rf6 54. Qe5 Kg6 55. Nd5 Bxd5 56. Qxe7 Rxa6 57. Qe5 Be6 58. Qg3+ Kf6 59. h5 Bf7 60. Qc3+ Ke7 61. Qe5+ Be6 62. Kh2 Kf7 63. Qh8 Bd7 64. Kg3 Ke7 65. Kf4 Rc6 66. Qe5+ Kd8 67. Qb8+ Ke7 68. Ke5 Rc5+ 69. Kd4 Rc6 70. Kd5 Re6 71. Qb4+ Kf7 72. Qb7 Ke7 73. Qc7 Ke8 74. Qg3 Kf7 75. Qf4 Rf6 76. Qc7 Ke8 77. Ke5 Re6+ 78. Kf4 Rc6 79. Qe5+ Kd8 80. Qg7 Kc7 81. Qe7 Rb6 82. Qc5+ Rc6 83. Qa5+ Kb7 84. Ke5 Rb6 85. Qd5+ Kc7 86. Qc5+ Kb7 87. Qf8 Kc7 88. Kd5 Rb5+ 89. Kc4 Rb6 90. Qa8 Rc6+ 91. Kb4 Rb6+ 92. Ka5 Rb5+ 93. Ka6 Rb6+ 94. Ka5 1/2-1/2

[Event "91st UKR-ch"]
[Site "Poltava UKR"]
[Date "2023.12.14"]
[Round "6.9"]
[White "Goroshchenko, Dmitry"]
[Black "Ship, Yaroslav"]
[WhiteElo "2193"]
[BlackElo "1889"]
[Result "1/2-1/2"]
[EventDate "2023.12.09"]
[PlyCount "44"]

1. e4 c5 2. c4 Nc6 3. g3 g6 4. Bg2 Bg7 5. Ne2 e6 6. O-O Nge7 7. Nbc3 b6 8. d3 d6 9. Be3 Bb7 10. d4 O-O 11. Qd2 cxd4 12. Nxd4 Ne5 13. Qe2 Rc8 14. b3 a6 15. f4 N5c6 16. Qf2 Nxd4 17. Bxd4 Bxd4 18. Qxd4 Qc7 19. Rad1 b5 20. Qxd6 bxc4 21. bxc4 Qxd6 22. Rxd6 Rxc4 1/2-1/2

[Event "91st UKR-ch"]
[Site "Poltava UKR"]
[Date "2023.12.15"]
[Round "7.1"]
[White "Berin, Artem"]
[Black "Polulikh, Bogdan"]
[WhiteElo "2321"]
[BlackElo "2346"]
[Result "1/2-1/2"]
[EventDate "2023.12.09"]
[PlyCount "55"]

1. Nf3 Nf6 2. g3 g6 3. b3 Bg7 4. Bb2 O-O 5. Bg2 d5 6. c4 c6 7. O-O Re8 8. d4 Ne4 9. Nfd2 Nxd2 10. Nxd2 Na6 11. Rc1 Bf5 12. cxd5 cxd5 13. Nf3 Be4 14. Qd2 Qb6 15. Ne5 Bxg2 16. Kxg2 Rac8 17. e3 Nc7 18. Nd3 Ne6 19. Ba3 Bf8 20. h4 Qa6 21. Bb4 b6 22. Ne5 Qb7 23. Qe2 f6 24. Nd3 Ng7 25. Qf3 Qd7 26. Nf4 e6 27. Bxf8 Rxf8 28. Nd3 1/2-1/2

[Event "91st UKR-ch"]
[Site "Poltava UKR"]
[Date "2023.12.15"]
[Round "7.10"]
[White "Artemov, Andriy"]
[Black "Stepanov, Vadim"]
[WhiteElo "1989"]
[BlackElo "1853"]
[Result "0-1"]
[EventDate "2023.12.09"]
[PlyCount "44"]

1. d4 Nf6 2. c4 g6 3. Nc3 d5 4. cxd5 Nxd5 5. e4 Nxc3 6. bxc3 Bg7 7. Nf3 c5 8. Bb5+ Nc6 9. O-O O-O 10. Bxc6 bxc6 11. Qc2 Bg4 12. Ne5 cxd4 13. Nxg4 h5 14. Nh6+ Kh7 15. Nf5 gxf5 16. exf5 d3 17. Qd1 Bxc3 18. Qxh5+ Kg8 19. Ba3 Bxa1 20. Qg5+ Bg7 21. Bxe7 f6 22. Qe3 Re8 0-1

[Event "91st UKR-ch"]
[Site "Poltava UKR"]
[Date "2023.12.15"]
[Round "7.2"]
[White "Maximov, Dmitry"]
[Black "Dehtiarov, Roman"]
[WhiteElo "2491"]
[BlackElo "2320"]
[Result "1-0"]
[EventDate "2023.12.09"]
[PlyCount "63"]

1. e4 e6 2. d4 d5 3. e5 c5 4. c3 Nc6 5. Nf3 Bd7 6. Be2 f6 7. O-O fxe5 8. dxe5 Nh6 9. c4 d4 10. Re1 Be7 11. Bd3 Nf7 12. a3 Qc7 13. Qe2 O-O-O 14. b4 cxb4 15. axb4 Bxb4 16. Bd2 Bc5 17. Na3 a6 18. Nb5 axb5 19. cxb5 Kb8 20. bxc6 Bxc6 21. Ng5 Nxg5 22. Bxg5 Be7 23. Qa2 Qd7 24. Qa7+ Kc7 25. Qa5+ Kb8 26. Bxe7 Qxe7 27. Rec1 Kc8 28. Rxc6+ bxc6 29. Qa8+ Kd7 30. Ra7+ Ke8 31. Qxc6+ Kf7 32. Qf3+ 1-0

[Event "91st UKR-ch"]
[Site "Poltava UKR"]
[Date "2023.12.15"]
[Round "7.3"]
[White "Pavlov, Sergey"]
[Black "Lymar, Vladislav"]
[WhiteElo "2474"]
[BlackElo "2135"]
[Result "1/2-1/2"]
[EventDate "2023.12.09"]
[PlyCount "108"]

1. e4 c5 2. Nf3 a6 3. Nc3 Nc6 4. d4 cxd4 5. Nxd4 e5 6. Nf5 d6 7. Ne3 Be6 8. g3 h5 9. h4 g6 10. Ncd5 Bh6 11. c3 Nge7 12. Bh3 Nxd5 13. Nxd5 Bxc1 14. Rxc1 Bxd5 15. Qxd5 Qc7 16. Rd1 Rd8 17. O-O O-O 18. Rd2 Kg7 19. Rfd1 Na5 20. Bf1 f5 21. exf5 Rxf5 22. Bd3 Rf6 23. Kg2 Rdf8 24. Rf1 b5 25. f3 R8f7 26. Rdf2 Nc6 27. f4 exf4 28. Rxf4 Ne5 29. Be2 Qb6 30. Qe4 Qc7 31. Kh2 Qe7 32. Kg2 Qc7 33. Rxf6 Rxf6 34. Rxf6 Kxf6 35. Qa8 Qb6 36. Qf8+ Ke6 37. Qg8+ Ke7 38. Qg7+ Kd8 39. Qf6+ Kd7 40. Qg7+ Kd8 41. Qf8+ Kd7 42. Qf4 Qc6+ 43. Kf2 Qh1 44. a4 bxa4 45. Qxa4+ Ke7 46. Qf4 Qh2+ 47. Ke3 Qg1+ 48. Kd2 Qb1 49. Qb4 a5 50. Qb7+ Ke6 51. Qc8+ Kf6 52. Qf8+ Ke6 53. Qc8+ Kf6 54. Qf8+ Ke6 1/2-1/2

[Event "91st UKR-ch"]
[Site "Poltava UKR"]
[Date "2023.12.15"]
[Round "7.4"]
[White "Bakhmatskyi, Vladyslav"]
[Black "Eropunov, Gleb"]
[WhiteElo "2465"]
[BlackElo "1961"]
[Result "1-0"]
[EventDate "2023.12.09"]
[PlyCount "105"]

1. Nf3 Nf6 2. c4 e6 3. Nc3 d5 4. e3 b6 5. b3 Bb7 6. Bb2 Nbd7 7. g3 dxc4 8. bxc4 Be7 9. Bg2 O-O 10. O-O Ne4 11. Qc2 Nxc3 12. Bxc3 Nf6 13. Rad1 c5 14. d3 Bc6 15. Qe2 Qc7 16. Ne5 Bxg2 17. Kxg2 Nd7 18. f4 Nxe5 19. fxe5 b5 20. cxb5 Qb7+ 21. Qf3 Qxb5 22. Qe4 Rad8 23. Qc4 Qxc4 24. dxc4 g6 25. Kf2 Rxd1 26. Rxd1 Rd8 27. Rb1 Rd3 28. Rb3 h5 29. Ke2 Rd7 30. Rb8+ Kg7 31. a4 g5 32. a5 Bd8 33. Rb5 Rc7 34. Rb8 Rd7 35. Rb5 Rc7 36. Kd3 Kg6 37. e4 Kg7 38. Rb8 Rd7+ 39. Kc2 Kg6 40. Rb5 Rc7 41. Kb3 f5 42. exf6 Bxf6 43. e5 Bg7 44. Ka4 Kf5 45. a6 Bxe5 46. Rb7 Bd6 47. Kb5 e5 48. Ba5 Rxb7+ 49. axb7 e4 50. Kc6 Bb8 51. Bc7 e3 52. Bxb8 e2 53. g4+ 1-0

[Event "91st UKR-ch"]
[Site "Poltava UKR"]
[Date "2023.12.15"]
[Round "7.5"]
[White "Lyakh, Vasiliy"]
[Black "Yurchishyn, Nikolay"]
[WhiteElo "1968"]
[BlackElo "2199"]
[Result "1-0"]
[EventDate "2023.12.09"]
[PlyCount "76"]

1. d4 d6 2. e4 Nf6 3. Nc3 Nbd7 4. Nf3 e5 5. Bc4 Be7 6. O-O O-O 7. a4 c6 8. Re1 Qc7 9. h3 b6 10. d5 c5 11. a5 a6 12. axb6 Nxb6 13. Bf1 Nfd7 14. Nh2 Qd8 15. g3 Bg5 16. f4 exf4 17. gxf4 Bh4 18. Re2 Nf6 19. Bg2 Ra7 20. e5 Ne8 21. Nf3 Be7 22. Ne4 Rd7 23. e6 fxe6 24. dxe6 Ra7 25. Neg5 Bxg5 26. Nxg5 Qe7 27. Qd3 Nf6 28. b4 h6 29. Nf7 d5 30. Qg6 cxb4 31. Nxh6+ Kh8 32. Nf7+ Kg8 33. f5 Nc4 34. Bh6 Rxf7 35. exf7+ Qxf7 36. Bg5 Ne4 37. Bxe4 dxe4 38. Rxe4 Nd6 1-0

[Event "91st UKR-ch"]
[Site "Poltava UKR"]
[Date "2023.12.15"]
[Round "7.6"]
[White "Mukha, Nikolay"]
[Black "Ovcharov, Taras"]
[WhiteElo "2122"]
[BlackElo "1976"]
[Result "1/2-1/2"]
[EventDate "2023.12.09"]
[PlyCount "71"]

1. d4 Nf6 2. c4 e6 3. Nc3 Bb4 4. e3 O-O 5. Nge2 d5 6. a3 Be7 7. Nf4 c6 8. Bd2 Nbd7 9. cxd5 exd5 10. Bd3 Re8 11. O-O Nf8 12. b4 a6 13. Na4 Bd6 14. f3 Qc7 15. g3 Ne6 16. Nc5 Nxf4 17. gxf4 Bh3 18. Rf2 Kh8 19. Kh1 Rg8 20. Qc2 g6 21. Rg1 Nh5 22. a4 Rg7 23. a5 Rag8 24. Bf1 Bxf1 25. Rfxf1 Qc8 26. Be1 g5 27. Rxg5 Rxg5 28. fxg5 Rxg5 29. Rg1 Rxg1+ 30. Kxg1 Bxc5 31. Qxc5 Qe8 32. Kf1 Kg7 33. Bf2 Qe6 34. Ke2 Nf4+ 35. Kd2 Nh3 36. Ke2 1/2-1/2

[Event "91st UKR-ch"]
[Site "Poltava UKR"]
[Date "2023.12.15"]
[Round "7.7"]
[White "Babayev, Murad"]
[Black "Kovalenko, Vladimir"]
[WhiteElo "1896"]
[BlackElo "2007"]
[Result "1-0"]
[EventDate "2023.12.09"]
[PlyCount "75"]

1. c4 e5 2. Nc3 Nf6 3. Nf3 Nc6 4. e4 Bb4 5. d3 d6 6. a3 Bc5 7. Be2 O-O 8. b4 Bd4 9. Nxd4 Nxd4 10. O-O a5 11. b5 c6 12. a4 Be6 13. f4 exf4 14. Bxf4 Qd7 15. Be3 Nxe2+ 16. Nxe2 Ng4 17. Qd2 c5 18. Ng3 b6 19. Nf5 Rae8 20. Rae1 Bxf5 21. Rxf5 Nxe3 22. Rxe3 Re5 23. Ref3 Rxf5 24. Rxf5 Re8 25. Qg5 h6 26. Qg3 f6 27. Rxf6 Re6 28. Qg4 Re7 29. Qxd7 Rxd7 30. Rf5 g6 31. Rd5 Kf7 32. e5 Ke6 33. Rxd6+ Rxd6 34. exd6 Kxd6 35. Kf2 Ke5 36. Ke3 h5 37. h4 Ke6 38. Ke4 1-0

[Event "91st UKR-ch"]
[Site "Poltava UKR"]
[Date "2023.12.15"]
[Round "7.8"]
[White "Alexikov, Alexander"]
[Black "Chobitok, Yakov"]
[WhiteElo "2209"]
[BlackElo "1862"]
[Result "1-0"]
[EventDate "2023.12.09"]
[PlyCount "81"]

1. e4 e5 2. Nf3 Nc6 3. c3 Nf6 4. d4 exd4 5. e5 Nd5 6. Bb5 a6 7. Ba4 Nb6 8. Bb3 d5 9. cxd4 Bg4 10. Nc3 Qd7 11. h3 Bxf3 12. gxf3 Bb4 13. Qd3 O-O-O 14. a3 Ba5 15. f4 Nc4 16. Bd1 h5 17. b3 Bxc3+ 18. Qxc3 Nb6 19. Be2 Ne7 20. a4 Kb8 21. Bd2 Nf5 22. O-O-O Rh6 23. Kb1 Nxa4 24. Qd3 Nb6 25. Rc1 Rdh8 26. Rc5 Rg6 27. Rhc1 Na8 28. Qc3 Rhh6 29. Qd3 Rh8 30. Kb2 Ne7 31. Ra1 Rb6 32. Bf1 Rd8 33. Ra3 Qf5 34. Qc3 Ng6 35. Bg2 c6 36. Qe3 Rb5 37. Rc1 Nb6 38. Ka2 Nf8 39. Bf1 Ne6 40. Bd3 Qxf4 41. Qxf4 1-0

[Event "91st UKR-ch"]
[Site "Poltava UKR"]
[Date "2023.12.15"]
[Round "7.9"]
[White "Tokarev, Ilya"]
[Black "Goroshchenko, Dmitry"]
[WhiteElo "1842"]
[BlackElo "2193"]
[Result "0-1"]
[EventDate "2023.12.09"]
[PlyCount "74"]

1. e4 d6 2. d4 Nf6 3. Nc3 g6 4. f4 Bg7 5. Nf3 O-O 6. Bd3 Na6 7. O-O c5 8. d5 Bg4 9. Bc4 Nc7 10. Qd3 Nd7 11. h3 Bxf3 12. Rxf3 Nb6 13. a4 Nxc4 14. Qxc4 b6 15. Bd2 a6 16. Re1 Qd7 17. b4 b5 18. Qb3 cxb4 19. Qxb4 a5 20. Qb3 b4 21. Nd1 Na6 22. Be3 Rfc8 23. Re2 Nc5 24. Bxc5 Rxc5 25. c3 Qa7 26. Kh2 Rb8 27. Rb2 Rcc8 28. Qc2 bxc3 29. Rxb8 Qxb8 30. Nxc3 Qb4 31. e5 dxe5 32. Qd3 exf4 33. Nb5 Be5 34. Na7 Rc1 35. Rf1 f3+ 36. Kh1 Qf4 37. Rxc1 Qh2# 0-1

[Event "91st UKR-ch"]
[Site "Poltava UKR"]
[Date "2023.12.16"]
[Round "8.1"]
[White "Polulikh, Bogdan"]
[Black "Maximov, Dmitry"]
[WhiteElo "2346"]
[BlackElo "2491"]
[Result "0-1"]
[EventDate "2023.12.09"]
[PlyCount "128"]

1. e4 c5 2. Nf3 d6 3. Bb5+ Nd7 4. a4 Ngf6 5. Nc3 a6 6. Be2 b6 7. d4 cxd4 8. Qxd4 Bb7 9. Bg5 e6 10. Rd1 Qc7 11. O-O Be7 12. Bh4 O-O 13. Bg3 e5 14. Qe3 Qc5 15. Nd2 Qb4 16. b3 Rac8 17. Nc4 Qc5 18. Qxc5 Rxc5 19. b4 Rc7 20. Nd5 Bxd5 21. exd5 Ne4 22. Na3 Nc3 23. Bxa6 Nxd1 24. Rxd1 Rc3 25. Rd3 Rxd3 26. Bxd3 Nf6 27. c4 Ra8 28. Bc2 Nxd5 29. cxd5 Rc8 30. f4 Rc3 31. fxe5 dxe5 32. d6 Bd8 33. Bxe5 Rxa3 34. Kf1 Re3 35. Bg3 Rc3 36. Bd1 Rc4 37. b5 Rd4 38. Bf3 Rxa4 39. Ke2 Kf8 40. Bc6 Ra3 41. Bf2 Ra2+ 42. Kf3 Rd2 43. Be1 Rd4 44. Ke3 Bf6 45. Ke2 Be5 46. h3 Bxd6 47. Bf2 Ra4 48. Bxb6 Ke7 49. Bg1 g6 50. b6 Ra3 51. b7 Ke6 52. Bc5 Rb3 53. Ba7 h5 54. Kd2 Be5 55. Ke2 f5 56. Kd2 g5 57. Ke2 g4 58. Kd2 f4 59. hxg4 hxg4 60. Ke2 Bd6 61. Be4 Ke5 62. Bc6 Bc7 63. Kf1 Rb4 64. Ke2 Kd6 0-1

[Event "91st UKR-ch"]
[Site "Poltava UKR"]
[Date "2023.12.16"]
[Round "8.10"]
[White "Kovalenko, Vladimir"]
[Black "Rudenko, Taras"]
[WhiteElo "2007"]
[BlackElo "1817"]
[Result "1/2-1/2"]
[EventDate "2023.12.09"]
[PlyCount "90"]

1. e4 c5 2. Nf3 d6 3. Bb5+ Bd7 4. Bxd7+ Qxd7 5. c4 Nc6 6. Nc3 g6 7. d4 cxd4 8. Nxd4 Bg7 9. Be3 Nf6 10. f3 O-O 11. O-O Rfc8 12. b3 Rab8 13. Qd2 a6 14. Rac1 h5 15. Rfd1 Kh7 16. Nde2 b5 17. c5 Ne8 18. Nd5 dxc5 19. Bxc5 e6 20. Ne3 Qxd2 21. Rxd2 Bh6 22. Kf2 Ne5 23. Rdd1 Rb7 24. Bd4 Rxc1 25. Nxc1 Rd7 26. Ke2 Nc6 27. Bc5 Rxd1 28. Kxd1 Nf6 29. Nd3 Nd7 30. Ke2 Nxc5 31. Nxc5 a5 32. Nc2 Bf8 33. Nd3 Bd6 34. g3 Kg7 35. Ke3 Bc7 36. f4 Bb6+ 37. Kf3 Kf6 38. h3 g5 39. e5+ Kg6 40. Ke4 gxf4 41. gxf4 f5+ 42. exf6 Kxf6 43. Nce1 Bc7 44. Nf3 Ne7 45. Nd4 b4 1/2-1/2

[Event "91st UKR-ch"]
[Site "Poltava UKR"]
[Date "2023.12.16"]
[Round "8.2"]
[White "Berin, Artem"]
[Black "Bakhmatskyi, Vladyslav"]
[WhiteElo "2321"]
[BlackElo "2465"]
[Result "1/2-1/2"]
[EventDate "2023.12.09"]
[PlyCount "62"]

1. d4 e6 2. e4 d5 3. exd5 exd5 4. Bd3 Nc6 5. c3 Bd6 6. Nf3 Bg4 7. O-O Nge7 8. h3 Bh5 9. Re1 f6 10. Nbd2 O-O 11. Qc2 Kh8 12. Nh4 g5 13. Nf5 Nxf5 14. Bxf5 Ne7 15. Bd3 Qd7 16. Nf1 Bg6 17. Bd2 Rae8 18. Re2 Nf5 19. Rae1 Rxe2 20. Rxe2 Nh4 21. Bxg6 hxg6 22. f3 Kg7 23. Be1 Nf5 24. Ne3 Nxe3 25. Rxe3 c6 26. Bf2 b5 27. Qe2 Kf7 28. Qe1 Qc7 29. g4 a5 30. Kg2 a4 31. a3 Bf4 1/2-1/2

[Event "91st UKR-ch"]
[Site "Poltava UKR"]
[Date "2023.12.16"]
[Round "8.3"]
[White "Lymar, Vladislav"]
[Black "Lyakh, Vasiliy"]
[WhiteElo "2135"]
[BlackElo "1968"]
[Result "1-0"]
[EventDate "2023.12.09"]
[PlyCount "95"]

1. d4 d5 2. c4 e6 3. cxd5 exd5 4. Bf4 c5 5. e3 Nc6 6. Nc3 c4 7. a3 Nf6 8. Bg5 Be7 9. Bxf6 Bxf6 10. Nge2 O-O 11. Nf4 Ne7 12. h4 Be6 13. g4 g6 14. g5 Bg7 15. Bg2 Qd7 16. h5 f6 17. Qa4 fxg5 18. Qxd7 Bxd7 19. Nfxd5 Rae8 20. Nxe7+ Rxe7 21. hxg6 h6 22. Bxb7 Bxd4 23. Rxh6 Bg7 24. Rh5 Be6 25. Be4 Rb8 26. Rxg5 Rxb2 27. Rc1 Rd7 28. Na4 Bf6 29. Rh5 Bg4 30. Rd5 Re2+ 31. Kf1 Re7 32. Rxc4 Bh4 33. Rf5 Bxf5 34. Bd5+ Kg7 35. Kxe2 Bf6 36. Bf7 Bd7 37. Nc3 Re5 38. Rc7 Ra5 39. Rxd7 Bxc3 40. a4 Kf6 41. Rd6+ Kg7 42. Bb3 Bf6 43. Bc2 Rc5 44. Rd7+ Kh6 45. Bd3 Bg7 46. Rxa7 Rc3 47. a5 Ra3 48. a6 1-0

[Event "91st UKR-ch"]
[Site "Poltava UKR"]
[Date "2023.12.16"]
[Round "8.4"]
[White "Dehtiarov, Roman"]
[Black "Pavlov, Sergey"]
[WhiteElo "2320"]
[BlackElo "2474"]
[Result "1/2-1/2"]
[EventDate "2023.12.09"]
[PlyCount "91"]

1. d4 d5 2. c4 c6 3. Nf3 dxc4 4. e3 Be6 5. Qc2 Nf6 6. Bxc4 Bxc4 7. Qxc4 Nbd7 8. Nc3 e6 9. O-O Bd6 10. e4 e5 11. Ng5 Qe7 12. f4 exd4 13. e5 Bc5 14. Nce4 Nxe4 15. Nxe4 Qe6 16. Qxe6+ fxe6 17. Rd1 O-O-O 18. a3 Be7 19. b4 Nb6 20. Bb2 Rd5 21. Nd6+ Bxd6 22. exd6 d3 23. Bxg7 Rd8 24. Be5 Nc4 25. Rac1 Nxd6 26. Bxd6 R8xd6 27. Rc3 d2 28. Re3 a5 29. bxa5 Rxa5 30. Kf2 Ra4 31. g3 Rc4 32. Ke2 Rc2 33. Rd3 Rxd3 34. Kxd3 Ra2 35. Rxd2 Rxa3+ 36. Ke4 Kc7 37. g4 b5 38. f5 exf5+ 39. gxf5 Ra1 40. f6 Rf1 41. Ke5 b4 42. Ke6 c5 43. f7 b3 44. Rd3 Re1+ 45. Kd5 Rf1 46. Ke6 1/2-1/2

[Event "91st UKR-ch"]
[Site "Poltava UKR"]
[Date "2023.12.16"]
[Round "8.5"]
[White "Babayev, Murad"]
[Black "Alexikov, Alexander"]
[WhiteElo "1896"]
[BlackElo "2209"]
[Result "1/2-1/2"]
[EventDate "2023.12.09"]
[PlyCount "242"]

1. c4 Nf6 2. Nc3 g6 3. g3 Bg7 4. Bg2 O-O 5. d4 Nc6 6. e3 d6 7. Nge2 e5 8. O-O exd4 9. exd4 Ne7 10. b3 c6 11. Bb2 d5 12. Nf4 Bg4 13. Qd2 Bh6 14. h3 Bf5 15. Rfe1 Nh5 16. Nce2 Re8 17. Qb4 Nxf4 18. Nxf4 Bxf4 19. gxf4 Qd7 20. Re3 Be6 21. Qc3 Nf5 22. Re5 f6 23. Re2 Bf7 24. Rae1 Rxe2 25. Rxe2 Rd8 26. Rd2 Re8 27. Rd1 Kg7 28. Bf1 a6 29. Bd3 Nd6 30. Bf1 Be6 31. Re1 Qf7 32. Ba3 Nf5 33. Bb2 Rd8 34. Rd1 Qd7 35. Re1 Bf7 36. Rd1 Qc7 37. Qf3 Be6 38. Re1 Qd7 39. Rd1 Qf7 40. Qc3 Rd7 41. Ba3 Qg8 42. Bb2 Qd8 43. Re1 Bf7 44. Rd1 Qc7 45. Bc1 Qd8 46. Bb2 Be6 47. Re1 Kf7 48. Ba3 Qb6 49. Bc5 Qc7 50. Qd2 Rd8 51. Qe2 Qd7 52. Bg2 Re8 53. Qd3 Qd8 54. Qc3 Qc7 55. cxd5 Bxd5 56. Rxe8 Kxe8 57. Bxd5 cxd5 58. Qd2 Kf7 59. Bb4 Kg7 60. Kg2 Qb6 61. Bc5 Qe6 62. Qd3 Kf7 63. Bb4 Qe4+ 64. Qxe4 dxe4 65. d5 Ne7 66. d6 Nc6 67. Bc5 Ke6 68. f3 exf3+ 69. Kxf3 f5 70. Ke3 Kd5 71. Ba3 Nb8 72. Bb4 Nc6 73. Ba3 b6 74. Kd3 b5 75. Ke3 b4 76. Bb2 Kxd6 77. Kd3 Kd5 78. Bf6 Kc5 79. Bg7 a5 80. Bf6 Kb5 81. Bg5 Kc5 82. Bf6 Kd5 83. Bg5 Kc5 84. Bf6 Nb8 85. Be7+ Kb5 86. Bf6 Nd7 87. Be7 Nc5+ 88. Kd4 Ne4 89. Ke5 Nf2 90. h4 Nd3 91. Kf6 Nxf4 92. Kg7 Ne6+ 93. Kxh7 Kc6 94. Kxg6 f4 95. h5 f3 96. Bh4 Kd5 97. h6 Ke4 98. Kf7 Ng5+ 99. Kg7 Kd3 100. Bxg5 f2 101. h7 f1=Q 102. h8=Q Qa1+ 103. Bf6 Qxa2 104. Qh7+ Ke3 105. Qh3+ Kf4 106. Qh6+ Ke4 107. Qg6+ Kf3 108. Qf5+ Ke2 109. Qe4+ Kd1 110. Qd3+ Qd2 111. Qb1+ Qc1 112. Qd3+ Qd2 113. Qc4 Qd7+ 114. Kg6 Qe8+ 115. Kg5 Qe3+ 116. Kf5 Qf3+ 117. Ke5 Qc3+ 118. Ke6 Qxc4+ 119. bxc4 a4 120. c5 a3 121. c6 b3 1/2-1/2

[Event "91st UKR-ch"]
[Site "Poltava UKR"]
[Date "2023.12.16"]
[Round "8.6"]
[White "Fainkihen, Efim"]
[Black "Goroshchenko, Dmitry"]
[WhiteElo "1970"]
[BlackElo "2193"]
[Result "0-1"]
[EventDate "2023.12.09"]
[PlyCount "70"]

1. d4 Nf6 2. Bg5 c5 3. d5 b5 4. Bxf6 exf6 5. e4 Qb6 6. a4 bxa4 7. Nc3 Ba6 8. Bxa6 Nxa6 9. Nxa4 Qb4+ 10. Qd2 Bd6 11. Nc3 Nc7 12. Nge2 O-O 13. O-O Rfe8 14. Ra4 Qb8 15. f4 a6 16. Rfa1 Ra7 17. Qd3 Rb7 18. e5 fxe5 19. Ne4 Rb6 20. f5 c4 21. Rxc4 Rxb2 22. N2c3 Qb6+ 23. Kf1 Nb5 24. Na4 Qa5 25. Rd1 Ra2 26. Nac5 Bxc5 27. Rxc5 Ra3 28. Qc4 Qd8 29. d6 Nd4 30. Rxd4 exd4 31. Qxd4 Qh4 32. g4 Rf3+ 33. Ke2 Qxg4 34. Kd2 Qf4+ 35. Kd1 Rf1+ 0-1

[Event "91st UKR-ch"]
[Site "Poltava UKR"]
[Date "2023.12.16"]
[Round "8.7"]
[White "Eropunov, Gleb"]
[Black "Mukha, Nikolay"]
[WhiteElo "1961"]
[BlackElo "2122"]
[Result "1/2-1/2"]
[EventDate "2023.12.09"]
[PlyCount "98"]

1. d4 Nf6 2. c4 g6 3. Nc3 Bg7 4. e4 d6 5. Be3 O-O 6. Be2 e5 7. d5 c6 8. f3 cxd5 9. Nxd5 Nxd5 10. Qxd5 Nc6 11. Qd2 Be6 12. Rd1 Nd4 13. Bxd4 exd4 14. Bd3 Rc8 15. b3 Qh4+ 16. Qf2 Qh5 17. Kf1 f5 18. Ne2 fxe4 19. Bxe4 d5 20. Ng3 Qe5 21. cxd5 Bxd5 22. Qe2 Bxe4 23. Nxe4 Bh6 24. Qd3 Rc6 25. Nf2 Be3 26. Ng4 Qf4 27. Nxe3 dxe3 28. Ke2 Re8 29. Qd5+ Kf8 30. Rc1 Qf6 31. Rxc6 Qb2+ 32. Kd3 bxc6 33. Qd4 Qxg2 34. Qh8+ Kf7 35. Qxh7+ Ke6 36. Rd1 e2 37. Re1 Qxf3+ 38. Kc2 Qe4+ 39. Kc3 a5 40. Qh3+ Kf6 41. Qg3 Qb4+ 42. Kc2 Qe4+ 43. Kc3 Re5 44. Qf2+ Kg7 45. Qd4 Qf3+ 46. Kd2 Qf6 47. Qc3 Kf8 48. Kc2 Qd6 49. Qf3+ Kg8 1/2-1/2